Sports Quiz

Random Sports or Basketball Quiz

All-NBA by Team Quiz Stats

Quiz not verified by Sporcle

Challenge
Share
Tweet
Embed
Score 0/254 Timer 20:00
0 Plays Today
Hint Answer % Correct
LakersMagic Johnson
98.2%
SunsDennis Johnson
98.1%
SunsKevin Johnson
98.1%
HawksJoe Johnson
98.1%
Sonics/ThunderDennis Johnson
98.1%
Hornets/PelicansLarry Johnson
98.1%
WizardsGus Johnson
98%
Bucks Marques Johnson
98%
LakersShaquille O'Neal
97.8%
SunsShaquille O'Neal
97.8%
HeatShaquille O'Neal
97.8%
MagicShaquille O'Neal
97.8%
PacersJermaine O'Neal
97.4%
LakersKobe Bryant
97%
LakersJerry West
97%
CelticsKevin Garnett
96.1%
TimberwolvesKevin Garnett
96.1%
LakersWilt Chamberlain
95.2%
WarriorsWilt Chamberlain
95.2%
76ersWilt Chamberlain
95.2%
LakersKareem Abdul-Jabbar
94.8%
Bucks Kareem Abdul-Jabbar
94.8%
HeatLeBron James
94.6%
CavsLeBron James
94.6%
CelticsPaul Pierce
94.2%
BullsMichael Jordan
94%
76ersMoses Malone
93.9%
WizardsMoses Malone
93.9%
RocketsMoses Malone
93.9%
JazzKarl Malone
93.9%
Sonics/ThunderRay Allen
93.6%
Bucks Ray Allen
93.6%
SunsSteve Nash
93.3%
MavericksSteve Nash
93.3%
LakersPau Gasol
93.2%
GrizzliesMarc Gasol
93.2%
CelticsLarry Bird
92.7%
76ersAllen Iverson
92.7%
BullsScottie Pippen
92.7%
SpursTony Parker
92.3%
PistonsIsiah Thomas
91.8%
KnicksCarmelo Anthony
91.4%
NuggetsCarmelo Anthony
91.4%
RaptorsVince Carter
91.4%
HeatDwyane Wade
90.6%
PacersReggie Miller
90.5%
SpursTim Duncan
89.8%
MavericksDirk Nowitzki
89.8%
SpursDavid Robinson
89.7%
JazzTruck Robinson
89.7%
JazzJohn Stockton
89.3%
SunsJason Kidd
88.9%
NetsJason Kidd
88.9%
ClippersChris Paul
88.7%
Hornets/PelicansChris Paul
88.7%
RaptorsChris Bosh
88.7%
SpursManu Ginobili
88.5%
CelticsKevin McHale
88.2%
Royals/Kings Oscar Robertson
88.2%
Bucks Oscar Robertson
88.2%
SpursAlvin Robertson
88.2%
LakersDwight Howard
88%
MagicDwight Howard
88%
WizardsJuwan Howard
87.9%
RocketsClyde Drexler
87.8%
RocketsTracy McGrady
87.8%
JazzDeron Williams
87.8%
Blazers Clyde Drexler
87.8%
MagicTracy McGrady
87.8%
Sonics/ThunderGus Williams
87.6%
NetsBuck Williams
87.6%
KnicksPatrick Ewing
87.4%
RocketsHakeem Olajuwon
87%
PistonsBen Wallace
86.8%
LakersJames Worthy
86.7%
WarriorsTim Hardaway
86.4%
HeatTim Hardaway
86.4%
MagicPenny Hardaway
86.4%
Royals/Kings Chris Webber
86.1%
76ersCharles Barkley
86.1%
76ersJulius Erving
86.1%
SunsCharles Barkley
86.1%
HawksDominique Wilkins
86%
ClippersDominique Wilkins
85.9%
SunsAmar'e Stoudemire
85.5%
Hint Answer % Correct
KnicksAmar'e Stoudemire
85.5%
CelticsJohn Havlicek
85.1%
PistonsChauncey Billups
85.1%
Sonics/ThunderKevin Durant
85.1%
NuggetsChauncey Billups
85.1%
CelticsBill Russell
84.8%
WarriorsPhil Smith
84.2%
PistonsDennis Rodman
84.2%
SpursDennis Rodman
84.2%
ClippersRandy Smith
84.2%
Sonics/ThunderGary Payton
83.8%
LakersElgin Baylor
82.9%
CelticsSam Jones
82.9%
ClippersBlake Griffin
82.9%
Hornets/PelicansEddie Jones
82.9%
HeatAlonzo Mourning
82.9%
CelticsBob Cousy
82.6%
SpursGeorge Gervin
82.5%
CelticsRobert Parish
82.3%
PistonsJoe Dumars
81.1%
BullsBob Love
81.1%
TimberwolvesKevin Love
81.1%
Sonics/ThunderRussell Westbrook
81%
BullsDerrick Rose
81%
Sonics/ThunderShawn Kemp
80%
WarriorsChris Mullin
79.5%
SunsWalter Davis
79.1%
Hornets/PelicansBaron Davis
79.1%
Blazers Bill Walton
78.1%
WizardsGilbert Arenas
78%
GrizzliesZach Randolph
77%
NuggetsAlex English
76.8%
KnicksWalt Frazier
76.4%
SunsShawn Marion
75.7%
KnicksWillis Reed
74.2%
RocketsYao Ming
73.9%
LakersGeorge Mikan
73.5%
CelticsRajon Rondo
72.7%
WarriorsRick Barry
72.3%
ClippersElton Brand
71.3%
76ersDikembe Mutombo
71.1%
HawksDikembe Mutombo
71.1%
Royals/Kings Peja Stojakovic
70.7%
WizardsElvin Hayes
70.7%
WarriorsBernard King
70.1%
WizardsBernard King
70.1%
KnicksBernard King
70.1%
PistonsGrant Hill
70%
Royals/Kings Mitch Richmond
69.8%
Blazers LaMarcus Aldridge
69.6%
CavsMark Price
69.6%
HawksBob Pettit
68.8%
WizardsWes Unseld
68.3%
JazzCarlos Boozer
67.7%
TimberwolvesSam Cassell
66.6%
WarriorsLatrell Sprewell
66.2%
NuggetsDavid Thompson
66.2%
WarriorsJack George
64.8%
PacersPaul George
64.8%
Bucks Michael Redd
64.3%
CelticsNate Archibald
64.1%
Royals/Kings Nate Archibald
64.1%
JazzAdrian Dantley
63.5%
Blazers Brandon Roy
63%
HawksPete Maravich
62.9%
JazzPete Maravich
62.9%
WizardsEarl Monroe
62.6%
ClippersBob McAdoo
62.1%
SunsStephon Marbury
60.7%
NetsStephon Marbury
60.7%
CelticsDave Cowens
60.6%
RocketsJames Harden
60.2%
HawksAl Horford
58.4%
WarriorsDavid Lee
58.2%
Hornets/PelicansGlen Rice
58.2%
LakersSlater Martin
58%
HawksSlater Martin
58%
CavsBrad Daugherty
56.8%
Sonics/ThunderDale Ellis
55.6%
PistonsDave Bing
54.9%
LakersGail Goodrich
53.7%
LakersAndrew Bynum
53%
76ersDolph Schayes
52.7%
PacersRon Artest
52.6%
CelticsJo Jo White
52.4%
Hint Answer % Correct
76ersHal Greer
52%
SunsTom Chambers
51.2%
WarriorsPaul Arizin
50.3%
CelticsTom Heinsohn
49.9%
KnicksDave DeBusschere
49.3%
Sonics/ThunderDetlef Schrempf
49.2%
Royals/Kings Jerry Lucas
49%
Blazers Maurice Lucas
49%
KnicksTyson Chandler
48%
Bucks Sidney Moncrief
47.4%
NetsDerrick Coleman
44.6%
ClippersWorld B. Free
43.8%
Hornets/PelicansJamal Mashburn
43.8%
76ersBilly Cunningham
42.5%
RocketsRalph Sampson
42.5%
CelticsBill Sharman
40.8%
Bucks Andrew Bogut
40.5%
HawksKevin Willis
39.3%
SunsConnie Hawkins
36.1%
Sonics/ThunderVin Baker
35.1%
Bucks Vin Baker
35.1%
Bucks Terry Cummings
34.5%
Hornets/PelicansAnthony Mason
34.4%
NetsDražen Petrović
31.3%
SunsPaul Westphal
31%
NuggetsAntonio McDyess
29.5%
NuggetsFat Lever
27.9%
HawksLou Hudson
27.6%
Sonics/ThunderSpencer Haywood
27.6%
WizardsBob Dandridge
26.6%
WizardsRod Strickland
25.7%
WarriorsNeil Johnston
25.4%
Royals/Kings Jack Twyman
25.4%
BullsNorm Van Lier
23.5%
LakersVern Mikkelsen
21.9%
PistonsGeorge Yardley
20.8%
WarriorsJoe Fulks
20.2%
76ersGeorge McGinnis
20.1%
KnicksRichie Guerin
20.1%
CelticsEd Macauley
20%
HawksCliff Hagan
18.3%
PistonsBailey Howell
16.8%
Blazers Jim Paxson
13.2%
Royals/Kings Otis Birdsong
12.4%
LakersClyde Lovellette
12%
Royals/Kings Phil Ford
11.8%
WarriorsTom Gola
11.3%
Royals/Kings Maurice Stokes
11.3%
KnicksHarry Gallatin
11.1%
HawksDan Roundfield
9.8%
WizardsPhil Chenier
9.4%
LakersJim Pollard
9.2%
Stags*Max Zaslofsky
9.2%
WizardsArchie Clark
8.2%
PistonsLarry Foust
7.3%
PistonsGene Shue
7.2%
KnicksCarl Braun
7.2%
Royals/Kings Bob Davies
7.1%
KnicksDick McGuire
7.1%
Royals/Kings Arnie Risen
6.3%
WarriorsAndy Phillip
5.7%
Olympians*Alex Groza
5.6%
Royals/Kings Bobby Wanzer
3.9%
LakersDick Garmaker
3.5%
76ersLarry Costello
3.5%
CelticsEd Sadowski
3.4%
Olympians*Ralph Beard
3.4%
Stags*Stan Miasek
2.9%
Falcons*Stan Miasek
2.9%
76ersPaul Seymour
2.7%
Capitols*Bob Feerick
2.7%
(Original) Bullets*Buddy Jeannette
2.6%
76ersAl Cervi
2.4%
Steamrollers*Kenny Sailors
2.4%
Bombers*Johnny Logan
2.4%
WarriorsHowie Dallmar
2.3%
PistonsFred Schaus
2.2%
HawksFrank Brian
2.2%
Capitols*Fred Scolari
2.2%
Rebels*Frank Baumholtz
2.2%
Packers*Frank Brian
2.2%
Capitols*Bones McKinney
2%
Stags*Chick Halbert
2%
Steamrollers*Ernie Calverley
2%

You're not logged in!

Compare scores with friends on all Sporcle quizzes.
Sign Up with Email
OR
Log In

You Might Also Like...

Show Comments

Extras

Top Quizzes Today


Score Distribution

Your Account Isn't Verified!

In order to create a playlist on Sporcle, you need to verify the email address you used during registration. Go to your Sporcle Settings to finish the process.